Derecho notarial chileno

Guardat en:
Dades bibliogràfiques
Autor principal: Vidal Domínguez, Ignacio (Autor)
Format: Llibre
Idioma:espanyol
Publicat: Santiago Fallos del Mes 1997
Matèries:
Etiquetes: Afegir etiqueta
Sense etiquetes, Sigues el primer a etiquetar aquest registre!

MARC

LEADER 00000nam a2200000 a 4500
001 UCS6817
003 CL-VaPUC
008 971003e19970000CL |||||||||||||||||spa|d
082 0 4 |a 347.016  |b VID  |2 21 
100 0 |a Vidal Domínguez, Ignacio  |e author  |9 392214 
245 1 0 |a Derecho notarial chileno 
300 |a 517 p 
942 |c BK 
945 |d 19971003 00:00:00  |a rleighto 
260 |a Santiago  |b Fallos del Mes  |c 1997 
650 0 |a Derecho notarial  |9 326137 
650 0 |a Instrumento público   |9 384474 
650 7 |a FORMULARIOS  |2 CL-VaPUC  |9 357440 
650 7 |a PRONTUARIOS  |2 CL-VaPUC  |9 392215 
650 7 |a CONTRATOS PRIVADOS  |2 CL-VaPUC  |9 392216 
651 7 |a CHILE  |2 CL-VaPUC  |9 392217 
583 |a last modification  |c 19971003 00:00:00  |k Rodrigo Vera 
999 |c 262390  |d 262388 
952 |0 0  |1 0  |4 0  |6 347_016000000000000_VID_1997  |7 0  |8 A  |9 290802  |a BIBDER  |b BIBDER  |d 2019-11-19  |i 3352234  |o 347.016 VID 1997  |p 3352234  |r 2023-01-25  |w 2019-11-19  |y BK  |k DER